Statistics for States that Beat Florida

Click here to take the quiz!

General Stats

  • This quiz has been taken 8,572 times
  • The average score is 13 of 20

Answer Stats

RankHintAnswer% Correct
3Largest populationCalifornia | Texas
100%
2Most international visitorsNew York
97%
2SouthernmostHawaii
94%
6Highest % of residents are HispanicNew Mexico | Texas | California | Arizona | Nevada
91%
8Highest population densityNew Jersey | Rhode Island | Massachusetts | Connecticut |
Maryland | Delaware | New York
90%
4Highest % of residents are immigrantsCalifornia | New York | New Jersey
90%
2Longest ocean coastlineAlaska
90%
6Highest % of residents are JewishNew York | New Jersey | Massachusetts |
Maryland | Connecticut
88%
4Most executions since 1976Texas | Virginia | Oklahoma
85%
4Most tornadosTexas | Kansas | Oklahoma
79%
5Highest % of area is wetlandLouisiana | Delaware | Maryland | Maine
76%
5Most average precipitationHawaii | Louisiana | Mississippi | Alabama
70%
5Smallest difference in votes between
Clinton and Trump in 2016
Michigan | New Hampshire | Pennsylvania | Wisconsin
59%
2Hottest average temperatureHawaii
56%
5Oldest median age of residentsMaine | Vermont | New Hampshire | West Virginia
25%
5Smallest % of population in largest cityConnecticut | New Jersey | South Carolina | West Virginia
24%
2Lowest average elevationDelaware
24%
2Highest African-American populationTexas
20%
3Highest % population growth 1960-2018Nevada | Arizona
19%
3Last capital city alphabeticallyKansas | New Jersey
10%

Score Distribution

Percentile by Number Answered

Percent of People with Each Score

Your Score History

You have not taken this quiz